[Event "IX EICC"]
[Site "Plovdiv BUL"]
[Date "2008.04.26"]
[Round "6"]
[White "Anastasian,A"]
[Black "Margvelashvili,G"]
[Result "1-0"]
[WhiteElo "2560"]
[BlackElo "2455"]

1.c4 Nf6 2.Nf3 c5 3.Nc3 b6 4.e4 d6 5.g3 Bb7 6.d3 g6 7.Bg2 Bg7 8.O-O O-O 9.Rb1 Nc6
10.a3 Ne8 11.h4 Nc7 12.h5 Ne6 13.Be3 Ncd4 14.Ne2 Nxf3+ 15.Bxf3 f5 16.hxg6 hxg6
17.Bg2 Qd7 18.f4 Nd4 19.b4 Rac8 20.Bxd4 cxd4 21.exf5 Bxg2 22.Kxg2 Qb7+ 23.Kg1 Rxf5
24.g4 Rf7 25.Ng3 Rcf8 26.Qe2 Qd7 27.f5 gxf5 28.Rxf5 e6 29.Rxf7 Rxf7 30.Rf1 Be5
31.Ne4 Rxf1+ 32.Kxf1 Qh7 33.Qf3 Qh6 34.g5 Qg6 35.Ke2 Kg7 36.Qg4 Kf7 37.Nd2 Ke7
38.Nf3 Bg7 39.Nh4 Qe8 40.Qf3 Qa4 41.Qb7+ Kf8 42.Nf3  1-0

[Event "IX EICC"]
[Site "Plovdiv BUL"]
[Date "2008.04.27"]
[Round "7"]
[White "Logothetis,S"]
[Black "Czebe,A"]
[Result "0-1"]
[WhiteElo "2291"]
[BlackElo "2513"]

1.Nf3 Nf6 2.c4 c5 3.Nc3 d5 4.cxd5 Nxd5 5.d4 Nxc3 6.bxc3 Bf5 7.e3 Qa5 8.Bd2 Nd7
9.Qb3 Qc7 10.Bc4 e6 11.O-O Bd6 12.Rfe1 Bg4 13.h3 Bxf3 14.gxf3 O-O 15.f4 Nb6
16.Bf1 Rfd8 17.Red1 Qe7 18.Be1 Rac8 19.c4 cxd4 20.Rxd4 e5 21.fxe5 Qxe5 22.f4 Qe7
23.Rad1 Bc5 24.Rxd8+ Rxd8 25.Rxd8+ Qxd8 26.Bf2 h6 27.Qd3 Qxd3 28.Bxd3 g5
29.Kg2 Na4 30.fxg5 hxg5 31.e4 Bxf2 32.Kxf2 Nc5 33.Ke3 f6 34.Be2 Kf7 35.Bg4 Ke7
36.Kd4 Kd6 37.Bc8 b6 38.Bg4 a6 39.Bc8 a5 40.Bg4 Na6 41.a3 Nc5 42.Bf5 Nb7
43.Bg4 a4 44.Bd1 Nc5 45.Bg4 Nb3+ 46.Kc3 Kc5 47.Bd7 Na5 48.Bxa4 Nxc4 49.Bb3 Nxa3
50.Kd3 Kd6 51.Ke3 Ke5 52.Kf3 Nb5 53.Bd5 Nd4+ 54.Kg4 b5  0-1

[Event "26th Liechtenstein Open"]
[Site "Triesen LIE"]
[Date "2008.04.28"]
[Round "4"]
[White "Johnsen,G"]
[Black "Goris,T"]
[Result "1-0"]
[WhiteElo "2186"]
[BlackElo "2049"]

1.Nf3 e6 2.c4 Nf6 3.Nc3 c5 4.g3 Be7 5.Bg2 O-O 6.O-O d5 7.cxd5 exd5 8.d4 Nc6
9.b3 Be6 10.Bb2 a6 11.Rc1 Rc8 12.dxc5 Bxc5 13.e3 Qe7 14.Qe2 b5 15.Rfd1 Rfd8
16.Nb1 Ne4 17.Ne1 Qa7 18.Nd3 Bb6 19.Nf4 Ne7 20.Nxe6 fxe6 21.Bxe4 dxe4 22.Qg4 Nf5
23.Rxc8 Rxc8 24.Qxe4 Kf7 25.g4 Nxe3 26.fxe3 Bxe3+ 27.Kg2 Rc2+ 28.Qxc2 Qb7+
29.Kg3 Qb8+ 30.Kh3 Qb7 31.Qg2  1-0

[Event "XXI Open"]
[Site "Benidorm ESP"]
[Date "2008.04.29"]
[Round "5"]
[White "Matamoros Franco,C"]
[Black "Mihailovs,J"]
[Result "1-0"]
[WhiteElo "2515"]
[BlackElo "2393"]

1.Nf3 c5 2.c4 Nf6 3.Nc3 b6 4.g3 Bb7 5.Bg2 g6 6.O-O Bg7 7.d4 cxd4 8.Qxd4 d6
9.Be3 Nbd7 10.Rac1 Rc8 11.b3 h6 12.Qd2 Nc5 13.Bd4 Nce4 14.Nxe4 Nxe4 15.Qe3 Nf6
16.Rfd1 h5 17.b4 O-O 18.Qa3 a6 19.c5 bxc5 20.bxc5 d5 21.Ne5 Nd7 22.Nxd7 Qxd7
23.Bxg7 Kxg7 24.Bxd5 Bxd5 25.e4 e6 26.exd5 exd5 27.Qxa6 Rc6 28.Qd3 Ra8 29.Rc2 Rd8
30.Qd4+ Kh7 31.Rb2 Qa7 32.Rc2 Qd7 33.h4 Ra6 34.Qf4 Rc6 35.Qd4 Ra6 36.Re2 Qa7
37.Rde1 Qd7 38.Re7 Qf5 39.Re8 Rxe8 40.Rxe8 Qf6 41.Qxd5 Kg7 42.Re2 Qc3 43.Kg2 Ra5
44.Re7 Qf6 45.Re3 Qa6 46.Rf3 Qa7 47.Qe5+ Kg8 48.Rb3 Qa8+ 49.Kh2  1-0

[Event "IX EICC"]
[Site "Plovdiv BUL"]
[Date "2008.04.29"]
[Round "8"]
[White "Sakaev,K"]
[Black "Macak,S"]
[Result "1-0"]
[WhiteElo "2649"]
[BlackElo "2342"]

1.Nf3 Nf6 2.c4 c5 3.Nc3 b6 4.e3 g6 5.d4 cxd4 6.exd4 Bg7 7.d5 O-O 8.Be2 d6
9.O-O Nbd7 10.Nd4 Bb7 11.Bg5 a6 12.Qd2 Rc8 13.Rac1 Re8 14.Rfe1 Qc7 15.Bf1 Nf8
16.b4 e5 17.Nb3 N6d7 18.f3 f5 19.Be3 Qb8 20.a4 Ba8 21.Rb1 Bf6 22.a5 bxa5
23.Nxa5 Qc7 24.Na4 Bd8 25.c5 Nxc5 26.Nxc5 dxc5 27.d6 Qd7 28.bxc5 Ne6 29.Rbc1 Bh4
30.Red1 f4 31.Bf2 Bxf2+ 32.Qxf2 Nd4 33.Rxd4 exd4 34.Qxd4 h6 35.c6 Qd8 36.d7 Qxa5
37.dxc8=R Rxc8 38.Bc4+  1-0

[Event "IX EICC"]
[Site "Plovdiv BUL"]
[Date "2008.04.30"]
[Round "9"]
[White "Lubczynski,R"]
[Black "Mihok,O"]
[Result "0-1"]
[WhiteElo "2418"]
[BlackElo "2352"]

1.Nf3 Nf6 2.c4 c5 3.Nc3 b6 4.g3 Bb7 5.Bg2 e6 6.O-O Be7 7.d4 cxd4 8.Qxd4 d6
9.Rd1 a6 10.Be3 Nbd7 11.Qd2 O-O 12.Bf4 Ne8 13.Rac1 Qc7 14.b3 Rd8 15.Ng5 Bxg2
16.Kxg2 Qb7+ 17.f3 h6 18.Nge4 Nc5 19.Nf2 Nf6 20.b4 Ncd7 21.Bxd6 Ne5 22.c5 Ne8
23.Qf4 Bxd6 24.cxd6 Ng6 25.Qe4 Qa7 26.Na4 b5 27.d7 Nf6 28.Qc6 bxa4 29.Qxa4 Rxd7
30.Rxd7 Nxd7 31.b5 Qe3 32.Rc2 axb5 33.Qxb5 Nf6 34.a4 Nd5 35.a5 Qa3 36.Nd1 Qa1
37.Rd2 Ra8 38.e4 Nc7 39.Qb7 Qxa5 40.Rd7 Ne8 41.f4 Rd8 42.h4 Rxd7 43.Qxd7 Nf6
44.Kh2  0-1

[Event "IX EICC"]
[Site "Plovdiv BUL"]
[Date "2008.04.30"]
[Round "9"]
[White "Ramesa,D"]
[Black "Damaso,R"]
[Result "0-1"]
[WhiteElo "2321"]
[BlackElo "2449"]

1.Nf3 Nf6 2.c4 c5 3.Nc3 g6 4.e4 Nc6 5.d4 cxd4 6.Nxd4 d6 7.Be2 Bg7 8.Be3 O-O
9.O-O Bd7 10.Rc1 Nxd4 11.Bxd4 Bc6 12.f3 a5 13.Qd2 Nd7 14.Be3 a4 15.Rc2 Qa5
16.b4 axb3 17.axb3 Rfc8 18.Rb1 Qd8 19.b4 b6 20.Rbc1 h5 21.h3 Kh7 22.f4 Bxc3
23.Qxc3 Bxe4 24.Rd2 Qc7 25.g4 Qb7 26.Kf2 Nf6 27.Bd4 Bh1 28.Bxf6 Qg2+ 29.Ke1 Qg1+
30.Bf1 exf6 31.Re2 Re8 32.Qxf6 Rxe2+ 33.Kxe2 Ra2+ 34.Rc2 Rxc2+ 35.Kd1 Qxf1+  0-1

[Event "IX EICC"]
[Site "Plovdiv BUL"]
[Date "2008.05.01"]
[Round "10"]
[White "Anastasian,A"]
[Black "Filip,L"]
[Result "1-0"]
[WhiteElo "2560"]
[BlackElo "2459"]

1.Nf3 Nf6 2.c4 c5 3.Nc3 e6 4.g3 b6 5.e4 Bb7 6.d3 Nc6 7.Bg2 Nd4 8.O-O Nxf3+
9.Qxf3 d6 10.Qe2 Nd7 11.f4 Be7 12.Be3 O-O 13.Rad1 a6 14.a4 Re8 15.g4 e5 16.f5 Bg5
17.Bf2 Bh4 18.Qe1 Bxf2+ 19.Qxf2 f6 20.h4 Nb8 21.Qe3 Nc6 22.Bf3 Nd4 23.Rd2 Bc6
24.Bd1 Kh8 25.Rg2 Re7 26.g5 Qf8 27.Rff2 Rb7 28.Rg3 b5 29.Rh3 bxc4 30.dxc4 Rab8
31.Qc1 Rb4 32.h5 fxg5 33.h6 Qf6 34.hxg7+ Kxg7 35.Rfh2 Rh8 36.Rh6 Qxh6 37.Rxh6 Kxh6
38.Qe3 Rg8 39.Qh3+ Kg7 40.f6+ Kxf6 41.Qh6+ Ke7 42.Qxh7+ Kf8 43.Qc7 g4 44.Qxd6+ Kf7
45.b3 Rbb8 46.Qxe5 Ne6 47.Nd5 Bxd5 48.cxd5 Nd4 49.d6  1-0

[Event "3rd Cup"]
[Site "Berazategui ARG"]
[Date "2008.05.02"]
[Round "2"]
[White "Ronco,R"]
[Black "Perelman,H"]
[Result "0-1"]
[WhiteElo "2105"]
[BlackElo "2343"]

1.Nf3 c5 2.c4 Nf6 3.Nc3 b6 4.g3 Bb7 5.Bg2 e6 6.O-O d6 7.Re1 Nbd7 8.e4 a6
9.d4 cxd4 10.Nxd4 Qc7 11.Be3 Be7 12.Rc1 O-O 13.f4 h5 14.h3 Rfe8 15.Bf2 g6
16.f5 Bf8 17.b3 Rac8 18.Qd2 Ne5 19.fxg6 fxg6 20.Be3 Bg7 21.Kh1 Qb8 22.Nf3 Nxf3
23.Bxf3 b5 24.cxb5 axb5 25.Qg2 b4 26.Na4 Nd7 27.Nb6 Rxc1 28.Rxc1 Ne5 29.Kh2 Qa7
30.Nc4 Nxf3+ 31.Qxf3 Qxa2+ 32.Kg1 Rf8  0-1

[Event "IX EICC"]
[Site "Plovdiv BUL"]
[Date "2008.05.02"]
[Round "11"]
[White "Collas,D"]
[Black "Mihok,O"]
[Result "1-0"]
[WhiteElo "2446"]
[BlackElo "2352"]

1.Nf3 Nf6 2.c4 c5 3.Nc3 b6 4.e4 d6 5.d4 cxd4 6.Nxd4 Bb7 7.Bd3 e6 8.O-O Be7
9.f4 O-O 10.f5 Nc6 11.Be3 Nxd4 12.Bxd4 Qc8 13.Kh1 Nd7 14.Qh5 Ne5 15.fxe6 Qxe6
16.Qe2 Bf6 17.Rad1 Rac8 18.b3 g6 19.Bb1 Bg7 20.Qd2 Rfd8 21.Nb5 a6 22.Nc3 b5
23.cxb5 axb5 24.Bb6 Rd7 25.Nd5 Ng4 26.Bg1 Re8 27.Qb4 Bc6 28.Bd3 Rb7 29.Rfe1 Be5
30.Be2 Nf6 31.Bf3 Ra8 32.Re2 Bxd5 33.exd5 Qd7 34.Rc1 h5 35.Rc6 Qf5 36.h3 Qb1
37.Rxe5 dxe5 38.Rxf6 Rxa2 39.d6 Ra1 40.Qc5 e4 41.Be2 Qb2 42.Rxg6+ fxg6 43.Qc8+ Kg7
44.Qxb7+ Kh6 45.Qxe4 Qc1 46.Qd4  1-0

[Event "Mayors Cup Open"]
[Site "Mumbai IND"]
[Date "2008.05.12"]
[Round "2"]
[White "Harihara,S"]
[Black "Praveen Kumar,C1"]
[Result "0-1"]
[WhiteElo "1980"]
[BlackElo "2287"]

1.Nf3 e6 2.c4 Nf6 3.Nc3 c5 4.g3 b6 5.Bg2 Bb7 6.O-O Be7 7.e3 a6 8.d4 cxd4
9.exd4 Qc7 10.Qe2 d6 11.Bf4 Nbd7 12.Rac1 Rc8 13.b3 O-O 14.Rfd1 Qb8 15.d5 e5
16.Bg5 Qa8 17.Bh3 Rc7 18.Ne4 Qd8 19.Bxf6 Nxf6 20.Nxf6+ Bxf6 21.Qe3 Re7 22.Nd2 Ree8
23.Ne4 Be7 24.g4 Bc8 25.Qf3 Bg5 26.Rc2 Bf4 27.Kh1 h5 28.g5 Bxh3 29.Qxh3 g6
30.Rg1 Kg7 31.Rc3 Qe7 32.b4 Rc8 33.f3 Rfd8 34.a3 Qb7 35.Rd1 Rc7 36.Kg2 Kf8
37.Kf1 Rcc8 38.Kg2 Qe7 39.c5 bxc5 40.bxc5 dxc5 41.Kh1 Qb7 42.Nxc5 Qb2 43.Na4 Qe2
44.Rf1 Rxc3 45.Nxc3 Qd3 46.Ne4 Qxd5 47.Qg2 Qd3 48.a4 Rc8 49.Nf2 Qb3 50.Qh3 Rc2
51.a5 Qe3 52.Kg2 Bxg5 53.Qd7 Bh4 54.Qd6+ Kg7 55.Qd5 Rxf2+ 56.Rxf2 Qxf2+ 57.Kh3 Bf6
58.Qd3 Qd4 59.Qxa6 g5 60.Qe2 Bd8 61.a6 Bb6 62.Kg2 Qg1+ 63.Kh3 Qe3 64.Qxe3 Bxe3
65.Kg3 f5 66.Kg2 Kf6 67.Kf1 g4 68.Ke2 Ba7  0-1

[Event "11th IHEM"]
[Site "Hamburg GER"]
[Date "2008.05.14"]
[Round "6"]
[White "Nedic,D"]
[Black "Zierke,O"]
[Result "0-1"]
[WhiteElo "2260"]
[BlackElo "2313"]

1.Nf3 Nf6 2.c4 c5 3.Nc3 e6 4.g3 b6 5.Bg2 Bb7 6.O-O d6 7.d4 cxd4 8.Qxd4 a6
9.Be3 Nbd7 10.Nd2 Bxg2 11.Kxg2 Rc8 12.Nde4 Rc6 13.Nxf6+ Nxf6 14.Na4 Be7 15.b4 b5
16.cxb5 axb5 17.Nc3 Qc7 18.Rfc1 O-O 19.f3 Qb7 20.Qd3 Ng4 21.Bf4 g5 22.Bd2 Ne5
23.Qxb5 Rb6 24.Qa4 g4 25.Rf1 Rxb4 26.Rab1 Rb2 27.Rxb2 Qxb2 28.Qd4 gxf3+ 29.exf3 Rc8
30.Rf2 Qb7 31.Ne4 Qa6 32.Bh6 Qc4 33.Qb2 f5 34.Nd2 Qc3 35.Qb7 Rc7 36.Qa8+ Rc8
37.Qb7 Kf7 38.Nb1 Qc6 39.Qb2 Bf6 40.Qd2 d5 41.Bg5 Bg7 42.Qb4 Kg6 43.Qh4 d4
44.h3 h6 45.Bd2 Rb8 46.Na3 Rb2 47.g4 fxg4 48.hxg4 Nxf3 49.Qh5+ Kh7 50.Bxh6 Rxf2+
51.Kxf2 Bxh6 52.Qf7+ Bg7 53.Qxf3 Qa6 54.Qh3+ Kg8 55.Qb3 Kf7 56.Nc4 Qc6 57.Qf3+ Qxf3+
58.Kxf3 Kf6 59.a4 Bf8 60.a5 Bc5 61.a6 Kg5 62.Nd6 Ba7 63.Ne4+ Kh4 64.g5 Kh5
65.Ke2 Kg6 66.Kd3 Kf5 67.Kc4 Kg6 68.Kb5 d3 69.Kc6 Kf5 70.Nd6+ Kxg5 71.Kb5 Kf4
72.Nc4 Ke4 73.Kb4 Kd4 74.Kb3 e5 75.Na5 e4 76.Nc6+ Ke3 77.Ne5 d2 78.Nc4+ Ke2  0-1

[Event "Mayors Cup Open"]
[Site "Mumbai IND"]
[Date "2008.05.14"]
[Round "5"]
[White "Ram,S"]
[Black "Arun Prasad,S"]
[Result "1/2-1/2"]
[WhiteElo "2299"]
[BlackElo "2465"]

1.Nf3 c5 2.c4 Nf6 3.Nc3 b6 4.g3 Bb7 5.Bg2 g6 6.O-O Bg7 7.Re1 d6 8.e4 O-O
9.d4 cxd4 10.Nxd4 Qd7 11.b3 Nc6 12.Nxc6 Bxc6 13.Bb2 e6 14.f4 Rfd8 15.Qe2 Qb7
16.Rad1 a6 17.a4 Ne8 18.f5 Be5 19.Bh3 Qe7 20.fxe6 fxe6 21.Qg4 Ng7 22.Rd3 Rf8
23.Bc1 Qf6 24.Rf1 Bd4+ 25.Be3 Bxe3+ 26.Rxe3 Qd4 27.Rxf8+ Rxf8 28.Qe2 a5 29.Bg2 Qc5
30.Kh1 Qe5 31.Rf3 Rxf3 32.Qxf3 Nf5 33.Qd3 Qd4 34.Qc2 Ne3 35.Qc1 Nxg2 36.Kxg2 Bxe4+
37.Nxe4 Qxe4+ 38.Kg1 Qd4+ 39.Kg2 d5 40.cxd5 Qxd5+ 41.Kh3 Qh5+ 42.Kg2 Qd5+
43.Kh3 Qxb3 44.Qc8+ Kg7 45.Qc7+ Kf6  1/2-1/2

[Event "43rd Capablanca Memorial Open"]
[Site "Havana CUB"]
[Date "2008.05.15"]
[Round "8"]
[White "Hernandez Onna,R"]
[Black "Alvarez Pedraza,A"]
[Result "0-1"]
[WhiteElo "2349"]
[BlackElo "2420"]

1.c4 Nf6 2.Nf3 c5 3.Nc3 b6 4.e4 d6 5.d4 cxd4 6.Nxd4 Bb7 7.Bd3 e6 8.O-O Be7
9.Qe2 O-O 10.b3 Nbd7 11.Bb2 Qc7 12.Rad1 Rfe8 13.f4 Rad8 14.Kh1 a6 15.Bb1 Bf8
16.Nf3 g6 17.e5 Nh5 18.Ng5 dxe5 19.fxe5 Nxe5 20.Nb5 Qe7 21.Qxe5 Bg7 22.Qc7 Rxd1
23.Rxd1 Qxg5 24.Qxb7 Ng3+  0-1

[Event "Tectura Active"]
[Site "Horsholm DEN"]
[Date "2008.05.17"]
[Round "4"]
[White "Rasmussen,C"]
[Black "Nielsen,Fr"]
[Result "1-0"]
[WhiteElo "2352"]
[BlackElo "2054"]

1.c4 Nf6 2.Nf3 e6 3.Nc3 c5 4.g3 b6 5.Bg2 Bb7 6.O-O Be7 7.Re1 d5 8.cxd5 exd5
9.d4 O-O 10.Bg5 Ne4 11.Bxe7 Qxe7 12.Rc1 Nd7 13.Qb3 cxd4 14.Nxd5 Qd6 15.Nf4 Ndc5
16.Qb4 Rfd8 17.Red1 Qe7 18.Rxd4 Nxf2 19.Kxf2 Ne4+ 20.Kf1 Nxg3+  1-0

[Event "III President's Cup"]
[Site "Baku AZE"]
[Date "2008.05.19"]
[Round "8"]
[White "Gelashvili,T"]
[Black "Mamedov,Rau"]
[Result "1/2-1/2"]
[WhiteElo "2622"]
[BlackElo "2617"]

1.Nf3 c5 2.c4 Nf6 3.Nc3 e6 4.e3 Nc6 5.d4 d5 6.cxd5 exd5 7.Bb5 cxd4 8.Nxd4 Bd7
9.Nf3 Bb4 10.O-O Bxc3 11.bxc3 O-O 12.c4 a6 13.cxd5 axb5 14.dxc6 bxc6 15.Qc2 Qe7
16.Bb2 h6 17.Rfd1 Rfd8 18.Bd4 Be8 19.Rdc1 Rd5 20.Nd2 Ra4 21.f3 Qd6 22.Nf1 Rc4
23.Qb2 Rb4 24.Qa3 Ra4 25.Qxd6 Rxd6 26.a3 Rd8 27.Ng3 Rda8 28.Bxf6 gxf6 29.Nh5 f5
30.Nf6+ Kg7 31.Nxe8+ Rxe8 32.Kf2 Rea8 33.Rab1 R8a6 34.Rb3 f4 35.exf4 Rxf4
36.g4 Rfa4 37.Rcc3 Kg6 38.Kg3 h5 39.h3 f6 40.Rd3 hxg4 41.hxg4 Rc4 42.Rd7 c5
43.Rxb5 f5 44.Kh4 fxg4 45.fxg4  1/2-1/2

[Event "ch-LTU"]
[Site "Kaunas LTU"]
[Date "2008.05.21"]
[Round "6"]
[White "Pileckis,E"]
[Black "Kveinys,A"]
[Result "0-1"]
[WhiteElo "2403"]
[BlackElo "2515"]

1.Nf3 c5 2.c4 Nf6 3.Nc3 e6 4.g3 b6 5.Bg2 Bb7 6.O-O Be7 7.Re1 Ne4 8.Qc2 Nxc3
9.dxc3 d6 10.Bf4 Nc6 11.Rad1 Qc7 12.h4 h6 13.Qd2 e5 14.Be3 f5 15.Nh2 g5 16.Qc2 Qd7
17.g4 f4 18.Qg6+ Kd8 19.Bc1 gxh4 20.Bd5 Kc7 21.e3 fxe3 22.Bxe3 Raf8 23.Qe4 Bg5
24.b4 Bf4 25.a4 h5 26.a5 hxg4 27.a6 Bxh2+ 28.Kxh2 g3+ 29.Kg2 Bc8 30.Rh1 h3+
31.Kxg3 h2 32.f3 Qh3+ 33.Kf2 Bf5  0-1

[Event "11th Open A"]
[Site "Voesendorf AUT"]
[Date "2008.05.22"]
[Round "2"]
[White "Behling,R"]
[Black "Kretschmer,L"]
[Result "1/2-1/2"]
[WhiteElo "2251"]
[BlackElo "1976"]

1.c4 Nf6 2.Nc3 c5 3.Nf3 e6 4.e3 d5 5.d4 Nc6 6.a3 cxd4 7.exd4 Bd6 8.c5 Bc7
9.Bb5 h6 10.O-O O-O 11.Re1 Bd7 12.Ba4 Re8 13.Ne5 Nxe5 14.dxe5 Bxa4 15.Qxa4 Nd7
16.Qd4 Qb8 17.Bf4  1/2-1/2

[Event "XXVII Open"]
[Site "Zalakarosi HUN"]
[Date "2008.05.22"]
[Round "1"]
[White "Zakharchenko,A"]
[Black "Finszter,M"]
[Result "1-0"]
[WhiteElo "2281"]
[BlackElo "2007"]

1.c4 c5 2.Nf3 Nf6 3.Nc3 b6 4.g3 Bb7 5.Bg2 d6 6.O-O e6 7.d4 cxd4 8.Qxd4 Be7
9.Bg5 a6 10.Bxf6 Bxf6 11.Qd3 Qc7 12.Rfd1 Be7 13.Rac1 Nd7 14.Nd2 Bxg2 15.Kxg2 O-O
16.f4 Rfd8 17.Nf3 Rac8 18.b3 Nc5 19.Qe3 Bf8 20.b4 Nd7 21.Ne4 Be7 22.Nd4 Qb7
23.Qf3 d5 24.cxd5 exd5 25.Nc3 Nf6 26.a3 Ne4 27.Nxd5 Rxc1 28.Nxe7+ Qxe7 29.Rxc1 Rxd4
30.Rc8+ Rd8 31.Rxd8+ Qxd8 32.Qxe4 h6 33.Kf3 a5 34.h4 axb4 35.axb4 Qd1 36.Kf2 Qd7
37.Qd3 Qe8 38.Qd5 Qe7 39.b5 g6 40.h5 Kh7 41.Qe5 Qd8 42.hxg6+ fxg6 43.f5 gxf5
44.Qxf5+ Kg7 45.Qe5+ Kg6 46.Qe4+ Kg7 47.Qb7+ Kg6 48.Qe4+ Kg7 49.Qg4+ Kf7
50.Kg2 Qd1 51.Qf5+ Kg7 52.Qd3 Qe1 53.Kf3 Qh1+ 54.Kf4 Qc1+ 55.Ke4 Qh1+ 56.Ke5 Qh5+
57.Ke6 Qf7+ 58.Kd6 Qb7  1-0

[Event "XXVII Open"]
[Site "Zalakarosi HUN"]
[Date "2008.05.24"]
[Round "3"]
[White "Nguyen Huynh Minh Huy"]
[Black "Pergel,L"]
[Result "1-0"]
[WhiteElo "2482"]
[BlackElo "2327"]

1.Nf3 Nf6 2.c4 e6 3.Nc3 c5 4.g3 b6 5.Bg2 Bb7 6.O-O Be7 7.d4 cxd4 8.Qxd4 O-O
9.Rd1 Nc6 10.Qf4 Qb8 11.b3 Rd8 12.Bb2 Qxf4 13.gxf4 Rac8 14.Rac1 Ba8 15.Nb5 a6
16.Nd6 Bxd6 17.Rxd6 Ne4 18.Rdd1 d5 19.cxd5 exd5 20.Nd4 Nxd4 21.Bxd4 b5 22.Bh3 Rb8
23.Ba7 Rb7 24.Rxd5 Rf8 25.Rc8  1-0

[Event "TCh-UKR"]
[Site "Alushta UKR"]
[Date "2008.05.26"]
[Round "7"]
[White "Brodsky,M"]
[Black "Ivanov,Andrew"]
[Result "1-0"]
[WhiteElo "2549"]
[BlackElo "2320"]

1.c4 c5 2.Nf3 Nf6 3.Nc3 d5 4.cxd5 Nxd5 5.d4 cxd4 6.Qxd4 Nxc3 7.Qxc3 Nc6 8.e4 Bd7
9.Be2 e5 10.O-O Bd6 11.Rd1 Qe7 12.Be3 Rd8 13.a3 O-O 14.h3 b6 15.b4 h6 16.Rd5 Nb8
17.Nxe5 Be6 18.Rd3 Bc8 19.Nc4 Bc7 20.Rad1 Bb7 21.e5 Ba6 22.Rxd8 Rxd8 23.Rxd8+ Qxd8
24.f4 Nc6 25.Bf3 Ne7 26.Bf2 Nd5 27.Qc1 b5 28.Nb2 Bb6 29.Nd3 Bb7 30.Nc5 Ba8
31.Qd2 Bc6 32.Be4 Ba8 33.e6 fxe6 34.Nxe6 Qd6 35.Nc5 Bc7 36.g3 Bc6 37.Bg2 Bb6
38.Ne4 Qe7 39.Bc5 Qe6 40.Kh2 Kh8 41.Qd4 Bxc5 42.Qxc5 Ne7 43.Qd6 Qf7 44.Qd8+ Ng8
45.Qd2 Nf6 46.Nd6 Qd7 47.Nf7+ Qxf7 48.Bxc6 Qc4 49.Bg2 Qb3 50.Qe2 a6 51.Qf3  1-0

[Event "XXVII Open"]
[Site "Zalakarosi HUN"]
[Date "2008.05.26"]
[Round "5"]
[White "Bacso,G"]
[Black "Rapport,R"]
[Result "1-0"]
[WhiteElo "2125"]
[BlackElo "2225"]

1.Nf3 Nf6 2.c4 c5 3.Nc3 e6 4.g3 b6 5.Bg2 Bb7 6.O-O Be7 7.b3 d6 8.Bb2 O-O
9.Qc2 Nbd7 10.e4 Qc7 11.d4 cxd4 12.Nxd4 a6 13.h3 Rac8 14.Qe2 Rfe8 15.Rfe1 Qb8
16.Rad1 Bf8 17.Kh2 g6 18.Qd2 Qa8 19.Re2 Red8 20.Qe1 Bg7 21.Nc2 Ne8 22.Na4 b5
23.Bxg7 Kxg7 24.Nb2 Nc5 25.f4 Kg8 26.b4 Nd7 27.cxb5 axb5 28.Nd4 Qa6 29.Nd3 Nb6
30.Qf2 Na4 31.Rf1 Rc3 32.f5 gxf5 33.Nxf5 exf5 34.Qxf5 f6 35.Nf4 Bc8 36.Qd5+ Kh8
37.Qf7 Ng7 38.Qxf6 Rg8 39.e5 dxe5 40.Qxe5 Qh6 41.Bd5 Rd8 42.Qe7 Qd6 43.Qg5 h6
44.Qh4 Bf5 45.Ne6 Qxg3+ 46.Qxg3 Rxg3 47.Nxd8 Rxh3+ 48.Kg2 Rd3 49.Nf7+ Kh7
50.Rxf5 Nc3 51.Rf3 Nxd5 52.Rxd3 Nf4+ 53.Kf3 Nxd3 54.a3 Nh5 55.Rd2 Nc1 56.Ne5 Nb3
57.Rd3  1-0

[Event "XXVII Open"]
[Site "Zalakarosi HUN"]
[Date "2008.05.28"]
[Round "7"]
[White "Nguyen Huynh Minh Huy"]
[Black "Lizak,P"]
[Result "1-0"]
[WhiteElo "2482"]
[BlackElo "2226"]

1.Nf3 Nf6 2.c4 c5 3.Nc3 b6 4.g3 Bb7 5.Bg2 e6 6.O-O Be7 7.d4 cxd4 8.Qxd4 O-O
9.Rd1 Qc8 10.Bf4 d5 11.cxd5 Nxd5 12.Nxd5 Bxd5 13.e4 Bc6 14.Ne5 f6 15.Nxc6 Nxc6
16.Qa4 e5 17.Be3 Bc5 18.Rac1 Qb7 19.Bf1 Bxe3 20.fxe3 Na5 21.Rd7 b5 22.Bxb5 Qb6
23.Rcc7 Qxe3+ 24.Kg2 Rf7 25.Rxf7 Qd2+ 26.Kf1  1-0

[Event "XVI Lasker Mem Open A"]
[Site "Barlinek POL"]
[Date "2008.06.02"]
[Round "3"]
[White "Cyborowski,L"]
[Black "Aliavdin,N"]
[Result "1/2-1/2"]
[WhiteElo "2541"]
[BlackElo "2384"]

1.Nf3 c5 2.c4 Nf6 3.Nc3 e6 4.e3 Nc6 5.d4 cxd4 6.exd4 d5 7.a3 Be7 8.c5 Ne4
9.Qc2 f5 10.Bb5 Bd7 11.O-O O-O 12.b4 Bf6 13.Bxc6  1/2-1/2

[Event "ch-FIN"]
[Site "Mantta FIN"]
[Date "2008.06.02"]
[Round "1"]
[White "Tuominen,R"]
[Black "Kosmo,S"]
[Result "0-1"]
[WhiteElo "2296"]
[BlackElo "2219"]

1.c4 Nf6 2.Nc3 c5 3.Nf3 e6 4.g3 b6 5.Bg2 Bb7 6.O-O Be7 7.b3 d6 8.Bb2 O-O
9.e3 Nbd7 10.d4 Qc7 11.Rc1 a6 12.Re1 Rfe8 13.d5 exd5 14.cxd5 Bf8 15.e4 g6
16.Nd2 Bg7 17.a4 Rab8 18.f4 Bc8 19.Bf1 h5 20.h3 Nf8 21.Nf3 Nxe4 22.Nxe4 Rxe4
23.Bxg7 Rxe1 24.Qxe1 Kxg7 25.Qc3+ Kg8 26.Ng5 Bb7 27.Bg2 Re8 28.Re1 Rxe1+
29.Qxe1 Qd8 30.Qc3 Qe7 31.Qd3 Nh7 32.Nf3 Bc8 33.Kh2 Nf6 34.Nd2 Qc7 35.Qc3 Qd8
36.Nc4 b5 37.axb5 axb5 38.Na5 b4 39.Qa1 Ne8 40.Nc6 Qc7 41.Qe1 Bd7 42.Qa1 Bxc6
43.dxc6 Qe7 44.Qa8 Kg7 45.Qc8 Nc7 46.f5 g5 47.f6+ Kxf6 48.Qh8+ Kg6 49.Qg8+ Kf6
50.Qh8+ Ke6 51.Qxh5 d5 52.Qh6+ f6 53.Qg6 Kd6 54.h4 gxh4 55.gxh4 Qe5+ 56.Kh3 Ne6
57.Qg8 Kxc6 58.Qe8+ Kd6 59.Qb8+ Ke7 60.Qb7+ Kf8 61.Bf3 d4 62.Qc8+ Kg7 63.Qd7+ Kh6
64.Qc8 Kg7 65.Qd7+ Kh6 66.Qc8 Nf4+ 67.Kg3 Ng6+ 68.Kf2 Qe3+ 69.Kg3 Qe5+ 70.Kf2 Qe3+
71.Kg3 Qf4+ 72.Kf2 Qxh4+ 73.Kf1 Qf4 74.Kf2 Qe3+ 75.Kg3 Qe5+ 76.Kf2 d3 77.Qh3+ Kg7
78.Qd7+ Ne7 79.Qxd3 Qh2+ 80.Kf1 Qf4 81.Ke1 Nf5 82.Qd7+ Kh6 83.Be2 Qg3+ 84.Kd1 Qxb3+
85.Kc1 Qe3+ 86.Kb1 Qb3+ 87.Kc1 Qc3+ 88.Kb1 Qe1+ 89.Bd1 Ne3 90.Qh3+ Kg6 91.Ka2 Nxd1
92.Qg4+ Kh6 93.Qf4+ Kg6 94.Qg4+ Kh6 95.Qf4+ Kh5 96.Qf5+ Kh4 97.Qxf6+ Kg4
98.Qg6+ Kf3 99.Qf5+ Ke2 100.Qg4+ Kd2 101.Qd7+ Kc1 102.Qg7 Nc3+  0-1

[Event "TCh-BIH"]
[Site "Neum BIH"]
[Date "2008.06.05"]
[Round "2"]
[White "Jankovic,A"]
[Black "Vuckovic,Bo"]
[Result "1-0"]
[WhiteElo "2528"]
[BlackElo "2556"]

1.Nf3 Nf6 2.c4 c5 3.Nc3 e6 4.d4 cxd4 5.Nxd4 Nc6 6.Ndb5 Bc5 7.Bf4 O-O 8.Bc7 Qe7
9.Bd6 Bxd6 10.Qxd6 Qd8 11.e3 b6 12.Be2 Bb7 13.Qg3 Ne7 14.Nd6 Bc6 15.O-O Nc8
16.Rfd1 Nxd6 17.Rxd6 Qc7 18.Rad1 Rfc8 19.b3 b5 20.cxb5 Bxg2 21.Qxg2 Qxc3
22.Bc4 Rab8 23.a4 h6 24.R1d3 Qb4 25.f3 Rc5 26.Qd2 Rg5+ 27.Kh1 Qc5 28.a5 Qf5
29.Qe2 Ne4 30.R6d4 Ng3+ 31.hxg3 Rxg3 32.Rh4 d5 33.Qf2 Rxf3 34.e4 Rxf2 35.exf5 Rxf5
36.a6 Kf8 37.Rd2 dxc4 38.bxc4 Rc5 39.Rd7 Ra8 40.Rhd4 e5 41.Rd8+ Rxd8 42.Rxd8+ Ke7
43.Ra8 Rxc4 44.Rxa7+ Kd6 45.Rb7 Ra4 46.a7 Kc5 47.b6 e4 48.Rb8 e3 49.b7 e2
50.Re8 Rxa7 51.b8=Q Ra1+ 52.Kg2 e1=Q 53.Re5+ Kc4 54.Qb5+ Kc3 55.Rxe1  1-0

[Event "TCh-BIH w"]
[Site "Neum BIH"]
[Date "2008.06.06"]
[Round "3"]
[White "Vujic Katanic,B"]
[Black "Hadziselimovic,B"]
[Result "1/2-1/2"]
[WhiteElo "2104"]
[BlackElo "1754"]

1.Nf3 Nf6 2.c4 g6 3.Nc3 c5 4.d4 cxd4 5.Nxd4 Bg7 6.e4 d6 7.Be2 a6 8.Be3 O-O
9.O-O e5 10.Nc2 Be6 11.Nb4 Qc7 12.Nbd5 Nxd5 13.Nxd5 Bxd5 14.Qxd5 Nc6 15.c5 dxc5
16.Qxc5 Rac8 17.Rac1 Qd7 18.Qd5 Qxd5 19.exd5 Nd4 20.Bd3 Rfd8 21.Rxc8 Rxc8
22.Rc1 Rxc1+ 23.Bxc1 e4 24.Bf1 Kf8 25.Be3  1/2-1/2

[Event "XVI Lasker Mem Open A"]
[Site "Barlinek POL"]
[Date "2008.06.07"]
[Round "9"]
[White "Cyborowski,L"]
[Black "Rooze,J"]
[Result "1-0"]
[WhiteElo "2541"]
[BlackElo "2316"]

1.c4 c5 2.Nf3 Nf6 3.Nc3 b6 4.d4 cxd4 5.Nxd4 Bb7 6.f3 e6 7.e4 d6 8.Be3 Be7
9.Be2 O-O 10.O-O a6 11.Qd2 Qc7 12.Rac1 Nbd7 13.Rfd1 Rac8 14.Kh1 Qb8 15.Bf1 Rfe8
16.Bg1 Bd8 17.b4 Bc7 18.Rb1 Qa8 19.Nb3 Rcd8 20.Qc1 Rc8 21.Qd2 Red8 22.a3 Ne5
23.Na4 Nfd7 24.Rbc1 Qb8 25.Nc3 Ng6 26.Rb1 Nf6 27.a4 d5 28.exd5 exd5 29.c5 d4
30.Nxd4 bxc5 31.bxc5 Bf4 32.Qb2 Rxc5 33.Nde2 Rxd1 34.Nxd1 Rc7 35.Nxf4 Nxf4
36.Bxa6 Ng4 37.fxg4  1-0

[Event "FSIM June"]
[Site "Budapest HUN"]
[Date "2008.06.08"]
[Round "2"]
[White "Schmidt,Rau"]
[Black "Sondermann,J"]
[Result "1-0"]
[WhiteElo "2343"]
[BlackElo "2279"]

1.Nf3 c5 2.c4 Nf6 3.Nc3 e6 4.g3 b6 5.Bg2 Bb7 6.O-O Be7 7.d4 cxd4 8.Qxd4 Nc6
9.Qf4 O-O 10.Rd1 a6 11.b3 Rc8 12.Bb2 d6 13.Rd2 Qc7 14.Rad1 Rfd8 15.h4 h5
16.Ng5 Ne5 17.Bxb7 Qxb7 18.Nce4 Ng6 19.Qf3 Qc6 20.Bxf6  1-0

[Event "XXX Nezhmetdinov Mem"]
[Site "Kazan RUS"]
[Date "2008.06.08"]
[Round "8"]
[White "Tolstikh,N"]
[Black "Dimukhametov,A"]
[Result "1/2-1/2"]
[WhiteElo "2381"]
[BlackElo "2295"]

1.Nf3 Nf6 2.c4 c5 3.Nc3 e6 4.g3 b6 5.Bg2 Bb7 6.O-O Be7 7.d4 cxd4 8.Nxd4 Bxg2
9.Kxg2 Qc8 10.Qa4 O-O 11.Bg5 Qb7+ 12.f3 h6 13.Bxf6 Bxf6 14.Rfd1 a6 15.Rd3 Nc6
16.Nxc6 dxc6 17.Rad1 Rfd8 18.Ne4 Be7 19.Nd6 Qc7 20.c5 bxc5 21.Nc4 Bf6 22.Rxd8+ Rxd8
23.Rxd8+ Qxd8 24.Qxa6 Qd1 25.Ne3 Qc1 26.Qd3 Qxb2 27.Qc2 Qb4 28.Nc4 Qe1 29.e3 h5
30.a4 Bc3 31.Qa2 h4 32.gxh4 Qxh4 33.a5 Qg5+ 34.Kf1 Qh5 35.Kg2 Qg5+ 36.Kh1 Qf5
37.Kg2 Qg5+ 38.Kf1 Qh5 39.Qe2 Qh3+ 40.Kg1 Qf5 41.Qd1 Qg5+ 42.Kh1 Bxa5 43.Nxa5 Qxe3
44.Nxc6 Qf2 45.Ne5 f6 46.Ng4 Qb2 47.Qd8+ Kh7 48.Qd3+ f5 49.Ne3 Qf2 50.Nd1 Qe1+
51.Kg2 Kg6 52.Nf2 Kf6 53.Qc2 Qe3 54.Nd3 Qg5+ 55.Kf1 Qh5 56.Kg2 Qg5+ 57.Kf2 Qh4+
58.Kf1 Qh3+ 59.Kf2 Qh4+ 60.Kf1 Qh3+ 61.Qg2 Qxg2+ 62.Kxg2 c4 63.Nb2 c3 64.Nd3 e5
65.Kf2 e4 66.fxe4 fxe4 67.Nb4 Ke5 68.Nc2 g5 69.Ke3 Kf5 70.Kf2 Kg4 71.Kg2 Kf4
72.Kf2 Kg4 73.Kg2 Kf4 74.Kf2 Kg4  1/2-1/2